[Event "27. ekipno prvenstvo RH - I.B"]
[Site "Biograd, Hotel Adria"]
[Date "2018.09.20"]
[Round "6.51"]
[White "Pap, Misa"]
[Black "Brkic, Ante"]
[Result "1/2-1/2"]
[WhiteElo "2482"]
[BlackElo "2565"]
[PlyCount "67"]
[EventDate "2018.09.15"]
[WhiteTeam "ŠK ŠIBENIK Šibenik"]
[BlackTeam "ŠK VINKOVCI Vinkovci"]

1. e4 c5 2. c3 Nf6 3. e5 Nd5 4. Nf3 Nc6 5. d4 cxd4 6. Bc4 Nb6 7. Bb3 d5 8. exd6
Qxd6 9. O-O Be6 10. Na3 dxc3 11. Nb5 Qxd1 12. Rxd1 Rc8 13. Bxe6 fxe6 14. bxc3
g6 15. Ng5 e5 16. Be3 Bh6 17. Nxa7 Nxa7 18. Bxb6 Bxg5 19. Bxa7 Rxc3 20. Rdb1
Kf7 21. Rxb7 Rhc8 22. g3 Ra3 23. Bb8 e4 24. Bd6 Rf3 25. Re1 Rc6 26. Bb4 e3 27.
fxe3 Rc2 28. a4 Rb2 29. a5 Bxe3+ 30. Kh1 Rxb4 31. Rxb4 Bd2 32. Reb1 Bxb4 33.
Rxb4 Ra3 34. Rb5 1/2-1/2

[Event "27. ekipno prvenstvo RH - I.B"]
[Site "Biograd, Hotel Adria"]
[Date "2018.09.20"]
[Round "6.52"]
[White "Kadric, Denis"]
[Black "Nikcevic, Nebojsa"]
[Result "1/2-1/2"]
[WhiteElo "2543"]
[BlackElo "2428"]
[PlyCount "47"]
[EventDate "2018.09.15"]
[WhiteTeam "ŠK VINKOVCI Vinkovci"]
[BlackTeam "ŠK ŠIBENIK Šibenik"]

1. e4 e5 2. Bc4 Nf6 3. d3 c6 4. Nf3 Be7 5. O-O d6 6. Re1 O-O 7. Nbd2 Nbd7 8. a3
a5 9. Ba2 Nc5 10. Nf1 Be6 11. Bb1 g6 12. h3 Re8 13. Ng5 Bd7 14. c3 d5 15. exd5
Nxd5 16. Nf3 Bf6 17. Bc2 Qc7 18. Ng3 Bg7 19. Bd2 Ne6 20. Qe2 Nef4 21. Qf1 Ne6
22. Rad1 f5 23. Bc1 Rad8 24. Ne2 1/2-1/2

[Event "27. ekipno prvenstvo RH - I.B"]
[Site "Biograd, Hotel Adria"]
[Date "2018.09.20"]
[Round "6.54"]
[White "Stocko, Josip"]
[Black "Vlaic, Branko"]
[Result "1-0"]
[WhiteElo "2322"]
[BlackElo "2246"]
[PlyCount "97"]
[EventDate "2018.09.15"]
[WhiteTeam "ŠK VINKOVCI Vinkovci"]
[BlackTeam "ŠK ŠIBENIK Šibenik"]

1. e4 e6 2. d4 d5 3. Nc3 Bb4 4. e5 Ne7 5. a3 Bxc3+ 6. bxc3 Nd7 7. Qg4 O-O 8. h4
f5 9. Qg3 c5 10. Bh6 Rf7 11. Nf3 Qa5 12. Bd2 Qb6 13. Bd3 Nc6 14. O-O c4 15. Be2
Nf8 16. h5 Bd7 17. Ng5 Re7 18. Nh3 Be8 19. Bg5 Rf7 20. h6 g6 21. Nf4 Nd8 22.
Nh5 Nd7 23. Ng7 Rxg7 24. hxg7 Kxg7 25. a4 Nf7 26. Be7 Qc7 27. a5 Rc8 28. Bb4
Nb8 29. Qh4 g5 30. Qg3 Nc6 31. Bh5 h6 32. Bxf7 Bxf7 33. f4 g4 34. Qh4 Qd8 35.
Qxd8 Nxd8 36. Rfb1 Be8 37. Be7 Bc6 38. Kf2 Nf7 39. Bc5 Ra8 40. a6 b6 41. Bxb6
axb6 42. Rxb6 Nd8 43. Rab1 Ba4 44. Rb8 Rxa6 45. Rxd8 Bxc2 46. Rb7+ Kg6 47. Rg8+
Kh5 48. Rh7 Be4 49. Rg5+ 1-0

[Event "27. ekipno prvenstvo RH - I.B"]
[Site "Biograd, Hotel Adria"]
[Date "2018.09.20"]
[Round "6.55"]
[White "Malenica, Mario"]
[Black "Pucovski, Miroslav"]
[Result "1/2-1/2"]
[WhiteElo "2212"]
[BlackElo "2241"]
[PlyCount "29"]
[EventDate "2018.09.15"]
[WhiteTeam "ŠK ŠIBENIK Šibenik"]
[BlackTeam "ŠK VINKOVCI Vinkovci"]

1. c4 c6 2. Nf3 d5 3. g3 Bg4 4. Bg2 e6 5. b3 Nd7 6. Bb2 Ngf6 7. O-O Bd6 8. d3
O-O 9. Nbd2 a5 10. Qc2 a4 11. e4 dxe4 12. Nxe4 Nxe4 13. dxe4 Bxf3 14. Bxf3 Be5
15. Rfd1 1/2-1/2

[Event "27. ekipno prvenstvo RH - I.B"]
[Site "Biograd, Hotel Adria"]
[Date "2018.09.20"]
[Round "6.56"]
[White "Bubalovic, Davorin"]
[Black "Viskic, Pavisa"]
[Result "1-0"]
[WhiteElo "2206"]
[BlackElo "2176"]
[PlyCount "87"]
[EventDate "2018.09.15"]
[WhiteTeam "ŠK VINKOVCI Vinkovci"]
[BlackTeam "ŠK ŠIBENIK Šibenik"]

1. e4 g6 2. d4 Bg7 3. Nc3 d6 4. Bf4 Nd7 5. Nf3 c5 6. dxc5 Nxc5 7. e5 Ne6 8. Bg3
Qa5 9. Bb5+ Kf8 10. O-O dxe5 11. Nxe5 Bxe5 12. Bxe5 Nf6 13. Qe2 Ng7 14. Rfe1
Bg4 15. Qe3 Kg8 16. Bxf6 exf6 17. Qd4 Be6 18. Qxf6 Qd8 19. Qe5 Qb8 20. Qc5 Qc8
21. Qb4 h5 22. Ne4 Nf5 23. Bd3 a5 24. Qb5 Qc7 25. Nc5 Nd4 26. Nxe6 Nxe6 27.
Bxg6 Ra6 28. Bd3 h4 29. Qe5 Rd6 30. Re4 Rh6 31. h3 Qc6 32. Qxa5 Rg6 33. Qb5 Qc8
34. Rc4 Rc6 35. Bxg6 Rxc4 36. Bf5 Rc5 37. Bxe6 fxe6 38. Qd3 Rxc2 39. Qg6+ Kf8
40. Qf6+ Ke8 41. Qh8+ Kf7 42. Qh7+ Kf8 43. Rd1 Qc7 44. Qxh4 1-0

[Event "27. ekipno prvenstvo RH - I.B"]
[Site "Biograd, Hotel Adria"]
[Date "2018.09.21"]
[Round "7.11"]
[White "Brkic, Ante"]
[Black "Sedlak, Nikola"]
[Result "1/2-1/2"]
[WhiteElo "2565"]
[BlackElo "2587"]
[PlyCount "24"]
[EventDate "2018.09.15"]
[WhiteTeam "ŠK VINKOVCI Vinkovci"]
[BlackTeam "ŠK STRIDON Štrigova"]

1. e4 e5 2. Nf3 Nc6 3. Nc3 Nf6 4. d4 exd4 5. Nxd4 Bb4 6. Nxc6 bxc6 7. Bd3 d5 8.
exd5 cxd5 9. O-O O-O 10. h3 c6 11. Qf3 Bd6 12. Bf4 Rb8 1/2-1/2

[Event "27. ekipno prvenstvo RH - I.B"]
[Site "Biograd, Hotel Adria"]
[Date "2018.09.21"]
[Round "7.12"]
[White "Nemeth, Miklos"]
[Black "Kadric, Denis"]
[Result "0-1"]
[WhiteElo "2477"]
[BlackElo "2543"]
[PlyCount "88"]
[EventDate "2018.09.15"]
[WhiteTeam "ŠK STRIDON Štrigova"]
[BlackTeam "ŠK VINKOVCI Vinkovci"]

1. e4 Nc6 2. Nf3 d6 3. d4 Nf6 4. Nc3 g6 5. Be2 Bg7 6. O-O O-O 7. h3 e5 8. dxe5
dxe5 9. Be3 Qe7 10. Nd5 Nxd5 11. exd5 Nd4 12. Bc4 Nxf3+ 13. Qxf3 e4 14. Qe2
Bxb2 15. Rab1 Bg7 16. Bf4 Kh8 17. Qe3 Re8 18. Rfe1 f5 19. f3 Be5 20. Bg5 Bf6
21. h4 Bxg5 22. hxg5 Qe5 23. Rb4 a5 24. Rbb1 b6 25. Bb5 Re7 26. Bc6 Rb8 27.
Rbd1 Bd7 28. Bxd7 Rxd7 29. fxe4 Re8 30. Qh3 Ree7 31. exf5 Qxf5 32. Qh6 Rxd5 33.
Rf1 Rxd1 34. Rxd1 Re8 35. Qh4 c5 36. Rf1 Qxc2 37. Qf4 Qc3 38. Qc7 Qd4+ 39. Kh1
c4 40. Qc6 Rd8 41. Rc1 Qh4+ 42. Kg1 Qxg5 43. Qxc4 Qe3+ 44. Kh2 Rd4 0-1

[Event "27. ekipno prvenstvo RH - I.B"]
[Site "Biograd, Hotel Adria"]
[Date "2018.09.21"]
[Round "7.13"]
[White "Maier, Christian"]
[Black "Krstic, Uros"]
[Result "1/2-1/2"]
[WhiteElo "2357"]
[BlackElo "2364"]
[PlyCount "39"]
[EventDate "2018.09.15"]
[WhiteTeam "ŠK VINKOVCI Vinkovci"]
[BlackTeam "ŠK STRIDON Štrigova"]

1. e4 c6 2. d4 d5 3. Nc3 dxe4 4. Nxe4 Nf6 5. Nxf6+ gxf6 6. c3 Bf5 7. Nf3 e6 8.
g3 Nd7 9. Bg2 Bd6 10. O-O Qc7 11. Re1 O-O-O 12. a4 Bg4 13. a5 a6 14. c4 Bb4 15.
Bd2 Bxd2 16. Qxd2 Ne5 17. Nxe5 fxe5 18. d5 exd5 19. cxd5 Be6 20. Qc3 1/2-1/2

[Event "27. ekipno prvenstvo RH - I.B"]
[Site "Biograd, Hotel Adria"]
[Date "2018.09.21"]
[Round "7.14"]
[White "Vernacki, Srdjan"]
[Black "Stocko, Josip"]
[Result "1-0"]
[WhiteElo "2357"]
[BlackElo "2322"]
[PlyCount "117"]
[EventDate "2018.09.15"]
[WhiteTeam "ŠK STRIDON Štrigova"]
[BlackTeam "ŠK VINKOVCI Vinkovci"]

1. e4 c5 2. Nf3 d6 3. g3 Nf6 4. d3 e6 5. Bg2 Be7 6. O-O O-O 7. c3 Qc7 8. Re1 b6
9. d4 Bb7 10. e5 Nfd7 11. Bf4 Nc6 12. Na3 dxe5 13. Nb5 Qb8 14. dxe5 Rd8 15. Qe2
Nf8 16. Bg5 h6 17. Bxe7 Nxe7 18. h4 Bc6 19. a4 a6 20. Nd6 Ra7 21. h5 Qa8 22.
Nh4 Bxg2 23. Nxg2 Nc8 24. Ne4 Qc6 25. Nh4 Ne7 26. Qf3 Nh7 27. Qg4 Kh8 28. Rad1
Rad7 29. Nd6 Kg8 30. Ng6 Ng5 31. Nxe7+ Rxe7 32. Re3 Red7 33. f4 Nh7 34. b3 c4
35. bxc4 Qxa4 36. Red3 Qc6 37. Rd4 b5 38. Qe2 bxc4 39. Rxc4 Qb6+ 40. Qf2 Qb3
41. Qd4 Nf6 42. Rb4 Qc2 43. Qd3 Qa2 44. Qb1 Qxb1 45. Rdxb1 Nxh5 46. c4 Nxg3 47.
c5 Ne2+ 48. Kf2 Nc3 49. Ra1 Nd5 50. Rc4 Ra7 51. c6 f5 52. Rb1 a5 53. Rb7 Rda8
54. Nb5 Ra6 55. c7 Ne7 56. Nd6 a4 57. c8=Q+ Nxc8 58. Nxc8 a3 59. Rcc7 1-0

[Event "27. ekipno prvenstvo RH - I.B"]
[Site "Biograd, Hotel Adria"]
[Date "2018.09.21"]
[Round "7.15"]
[White "Pucovski, Miroslav"]
[Black "Trbojevic, Mladen"]
[Result "1-0"]
[WhiteElo "2241"]
[BlackElo "2353"]
[PlyCount "61"]
[EventDate "2018.09.15"]
[WhiteTeam "ŠK VINKOVCI Vinkovci"]
[BlackTeam "ŠK STRIDON Štrigova"]

1. e4 e5 2. Nf3 Nc6 3. Bc4 Nf6 4. d3 Be7 5. O-O O-O 6. Re1 d6 7. c3 Na5 8. Bb5
a6 9. Ba4 c5 10. Nbd2 Be6 11. Nf1 Qc7 12. h3 Rad8 13. Ng3 b5 14. Bc2 Nc6 15.
Nh2 d5 16. Qf3 Qd7 17. Nf5 Bxf5 18. exf5 d4 19. a4 dxc3 20. bxc3 b4 21. Bb2
bxc3 22. Bxc3 Nd5 23. Bb2 Ndb4 24. Bb3 Qxd3 25. Re3 Qd6 26. Ng4 Nd4 27. Bxd4
exd4 28. Rxe7 Qxe7 29. f6 gxf6 30. Nxf6+ Kg7 31. Qg4+ 1-0

[Event "27. ekipno prvenstvo RH - I.B"]
[Site "Biograd, Hotel Adria"]
[Date "2018.09.21"]
[Round "7.21"]
[White "Saric, Ante"]
[Black "Pap, Misa"]
[Result "1/2-1/2"]
[WhiteElo "2535"]
[BlackElo "2482"]
[PlyCount "43"]
[EventDate "2018.09.15"]
[WhiteTeam "ŠK MORNAR Split"]
[BlackTeam "ŠK ŠIBENIK Šibenik"]

1. Nf3 c5 2. c4 g6 3. d4 Bg7 4. e4 Nc6 5. d5 Nd4 6. Nxd4 cxd4 7. Bd3 d6 8. O-O
Nf6 9. Nd2 Nd7 10. f4 O-O 11. Kh1 e5 12. f5 Bh6 13. g4 Nc5 14. Nb3 Qh4 15. Nxc5
dxc5 16. Rg1 Bxc1 17. Rxc1 a5 18. Qd2 Bd7 19. Rg3 gxf5 20. gxf5+ Kh8 21. Rcg1
Rg8 22. Rxg8+ 1/2-1/2

[Event "27. ekipno prvenstvo RH - I.B"]
[Site "Biograd, Hotel Adria"]
[Date "2018.09.21"]
[Round "7.22"]
[White "Nikcevic, Nebojsa"]
[Black "Galyas, Miklos"]
[Result "1/2-1/2"]
[WhiteElo "2428"]
[BlackElo "2512"]
[PlyCount "89"]
[EventDate "2018.09.15"]
[WhiteTeam "ŠK ŠIBENIK Šibenik"]
[BlackTeam "ŠK MORNAR Split"]

1. d4 d5 2. c4 c6 3. e3 Nf6 4. Nf3 Bf5 5. Nc3 a6 6. Bd3 Bg6 7. O-O e6 8. Re1
Nbd7 9. e4 dxe4 10. Nxe4 Nxe4 11. Bxe4 Bxe4 12. Rxe4 Be7 13. Bf4 O-O 14. Qc2
Nf6 15. Re2 Qa5 16. a4 Rfe8 17. h3 Rac8 18. Bd2 Qc7 19. a5 c5 20. dxc5 Bxc5 21.
b4 Be7 22. c5 Nd5 23. Ra3 Rcd8 24. Qc4 Bf6 25. Bg5 Bxg5 26. Nxg5 Nf6 27. Re1
Rd5 28. Rg3 Red8 29. Qc3 Rd1 30. Ne4 Rxe1+ 31. Qxe1 Nxe4 32. Qxe4 Rd1+ 33. Kh2
g6 34. f4 Qd7 35. Rc3 Rd4 36. Qe5 Qd5 37. Qxd5 Rxd5 38. c6 bxc6 39. Rxc6 Rd4
40. Rxa6 Rxb4 41. Kg3 Rb3+ 42. Kf2 Ra3 43. h4 h5 44. Ra7 Kg7 45. a6 1/2-1/2

[Event "27. ekipno prvenstvo RH - I.B"]
[Site "Biograd, Hotel Adria"]
[Date "2018.09.21"]
[Round "7.23"]
[White "Saric, Ibro"]
[Black "Matkovic, Tonci"]
[Result "1-0"]
[WhiteElo "2546"]
[BlackElo "2274"]
[PlyCount "63"]
[EventDate "2018.09.15"]
[WhiteTeam "ŠK MORNAR Split"]
[BlackTeam "ŠK ŠIBENIK Šibenik"]

1. d4 Nf6 2. c4 e6 3. Nc3 d5 4. cxd5 exd5 5. Bg5 Be7 6. e3 a6 7. Bd3 O-O 8. Nf3
b6 9. Ne5 Bb7 10. Qc2 h6 11. Bxf6 Bxf6 12. f4 c5 13. Qf2 cxd4 14. exd4 Nd7 15.
Bf5 Re8 16. O-O Nf8 17. Rac1 Ne6 18. Rc2 b5 19. Ne2 Rc8 20. Rxc8 Bxc8 21. Nc1
Nc5 22. Bxc8 Ne4 23. Qe2 Qxc8 24. Ncd3 Qb7 25. b4 Bxe5 26. fxe5 f6 27. Qh5 Qf7
28. Qg4 Qa7 29. exf6 Qxd4+ 30. Kh1 Nf2+ 31. Nxf2 Qxf2 32. Qxg7# 1-0

[Event "27. ekipno prvenstvo RH - I.B"]
[Site "Biograd, Hotel Adria"]
[Date "2018.09.21"]
[Round "7.24"]
[White "Malenica, Mario"]
[Black "Plenca, Julijan"]
[Result "1/2-1/2"]
[WhiteElo "2212"]
[BlackElo "2417"]
[PlyCount "93"]
[EventDate "2018.09.15"]
[WhiteTeam "ŠK ŠIBENIK Šibenik"]
[BlackTeam "ŠK MORNAR Split"]

1. c4 Nf6 2. Nc3 g6 3. g3 Bg7 4. Bg2 O-O 5. Nf3 d6 6. O-O Nc6 7. d3 e5 8. Bg5
h6 9. Bxf6 Bxf6 10. Rb1 a5 11. a3 Bg7 12. b4 axb4 13. axb4 Ne7 14. Nd5 c6 15.
Nxe7+ Qxe7 16. Qc2 Be6 17. Nd2 d5 18. b5 Ra3 19. Rb3 Rfa8 20. Rxa3 Rxa3 21. Rb1
Qc5 22. Rb3 Ra8 23. Rb1 Kh7 24. Nb3 Qa7 25. Nd2 Qa2 26. Rb2 Qa3 27. Rb1 h5 28.
h4 Rd8 29. Nf3 Bf6 30. bxc6 bxc6 31. cxd5 cxd5 32. Qc1 Qxc1+ 33. Rxc1 Bg4 34.
Rc2 Kh6 35. Kh2 Rd6 36. Bh3 Bxf3 37. exf3 Bd8 38. Bc8 Bb6 39. Kg2 g5 40. hxg5+
Kxg5 41. Bb7 Bd4 42. Rc8 Rb6 43. Bxd5 Rb2 44. Rg8+ Kf6 45. Rf8 Rxf2+ 46. Kh3
Rd2 47. Rh8 1/2-1/2

[Event "27. ekipno prvenstvo RH - I.B"]
[Site "Biograd, Hotel Adria"]
[Date "2018.09.21"]
[Round "7.25"]
[White "Bobanac, Miro"]
[Black "Viskic, Pavisa"]
[Result "1/2-1/2"]
[WhiteElo "2288"]
[BlackElo "2176"]
[PlyCount "92"]
[EventDate "2018.09.15"]
[WhiteTeam "ŠK MORNAR Split"]
[BlackTeam "ŠK ŠIBENIK Šibenik"]

1. b3 e5 2. Bb2 Nc6 3. e3 d6 4. Bb5 a6 5. Bxc6+ bxc6 6. d3 Be7 7. Ne2 Nf6 8.
O-O O-O 9. Ng3 Bd7 10. Nd2 Ne8 11. e4 g6 12. Nc4 Bg5 13. d4 f6 14. Ne2 Qe7 15.
dxe5 fxe5 16. Bc1 Bxc1 17. Rxc1 Nf6 18. Nc3 Nh5 19. Ne2 Nf6 20. Ng3 h5 21. f3
Rf7 22. Qd2 Nh7 23. f4 exf4 24. Rxf4 Rxf4 25. Qxf4 h4 26. Nf1 Rf8 27. Qe3 h3
28. Re1 hxg2 29. Kxg2 Ng5 30. Ncd2 Nh3 31. Nf3 Bg4 32. N1d2 Nf4+ 33. Kh1 Qh7
34. Rg1 Qh5 35. Rg3 d5 36. exd5 cxd5 37. Ne5 Bf5 38. c4 c6 39. Nef3 Ne6 40.
cxd5 cxd5 41. Qe5 Rd8 42. Qf6 Rf8 43. Qe5 Rd8 44. Qf6 Rc8 45. Qe5 Rd8 46. Qf6
Rf8 1/2-1/2

[Event "27. ekipno prvenstvo RH - I.B"]
[Site "Biograd, Hotel Adria"]
[Date "2018.09.21"]
[Round "7.26"]
[White "Grgurevic, Boris"]
[Black "Brulic, Denis"]
[Result "1/2-1/2"]
[WhiteElo "2145"]
[BlackElo "2232"]
[PlyCount "36"]
[EventDate "2018.09.15"]
[WhiteTeam "ŠK ŠIBENIK Šibenik"]
[BlackTeam "ŠK MORNAR Split"]

1. e4 c5 2. Nf3 e6 3. c3 Nf6 4. e5 Nd5 5. d4 cxd4 6. cxd4 d6 7. exd6 Bxd6 8.
Nc3 Nxc3 9. bxc3 Qc7 10. Qb3 Nd7 11. Ba3 O-O 12. Bxd6 Qxd6 13. Bb5 Nf6 14. Ne5
b6 15. Bc6 Rb8 16. O-O Bb7 17. Bxb7 Rxb7 18. Rfd1 Rc7 1/2-1/2

[Event "27. ekipno prvenstvo RH - I.B"]
[Site "Biograd, Hotel Adria"]
[Date "2018.09.21"]
[Round "7.31"]
[White "Medvegy, Zoltan"]
[Black "Sprenger, Jan Michael"]
[Result "1/2-1/2"]
[WhiteElo "2543"]
[BlackElo "2490"]
[PlyCount "67"]
[EventDate "2018.09.15"]
[WhiteTeam "ŠK GORAN Bibinje"]
[BlackTeam "ŠK BRDA Split"]

1. Nf3 d5 2. g3 g6 3. Bg2 Bg7 4. d4 Nh6 5. O-O O-O 6. Nbd2 Nf5 7. c3 Nd6 8. Ne5
c6 9. e4 dxe4 10. Nxe4 Nxe4 11. Bxe4 Nd7 12. Nxd7 Bxd7 13. d5 Qb6 14. Qb3 c5
15. Re1 Rfe8 16. Bf4 Rac8 17. Bg2 Qb5 18. Qxb5 Bxb5 19. Rad1 Bd7 20. Rd2 b5 21.
h4 e5 22. dxe6 Bxe6 23. Bd5 Bxd5 24. Rxe8+ Rxe8 25. Rxd5 Bf8 26. Be3 Rc8 27.
Kg2 Kg7 28. Kf3 Kf6 29. g4 h5 30. g5+ Ke6 31. Ke4 Bd6 32. f4 Kd7 33. b3 Kc6 34.
Rd2 1/2-1/2

[Event "27. ekipno prvenstvo RH - I.B"]
[Site "Biograd, Hotel Adria"]
[Date "2018.09.21"]
[Round "7.32"]
[White "Seyb, Alexander"]
[Black "Rezan, Sasa"]
[Result "1-0"]
[WhiteElo "2388"]
[BlackElo "2436"]
[PlyCount "77"]
[EventDate "2018.09.15"]
[WhiteTeam "ŠK BRDA Split"]
[BlackTeam "ŠK GORAN Bibinje"]

1. e4 c5 2. Nf3 d6 3. d4 cxd4 4. Nxd4 Nf6 5. Nc3 a6 6. h3 e5 7. Nb3 Be6 8. f4
Be7 9. Qf3 b5 10. f5 Bc8 11. Bd3 Bb7 12. Bd2 Nbd7 13. O-O-O Rc8 14. Rhe1 b4 15.
Nd5 Nxd5 16. exd5 a5 17. Bb5 O-O 18. Kb1 Nf6 19. c4 bxc3 20. Bxc3 Qb6 21. a4
Ra8 22. g4 Ne8 23. Bd2 Qd8 24. Rh1 Nf6 25. Bc6 Bxc6 26. dxc6 d5 27. g5 Ne4 28.
f6 Bb4 29. Bxb4 axb4 30. fxg7 Kxg7 31. Rhe1 Rxa4 32. Qf5 Qa8 33. Qxe5+ Kg8 34.
Qxd5 Nc3+ 35. bxc3 bxc3 36. c7 c2+ 37. Kxc2 Ra2+ 38. Kc3 Qa3 39. Rd2 1-0

[Event "27. ekipno prvenstvo RH - I.B"]
[Site "Biograd, Hotel Adria"]
[Date "2018.09.21"]
[Round "7.33"]
[White "Bilobrk, Franjo"]
[Black "Rade, Miroslav"]
[Result "1-0"]
[WhiteElo "2360"]
[BlackElo "2395"]
[PlyCount "177"]
[EventDate "2018.09.15"]
[WhiteTeam "ŠK GORAN Bibinje"]
[BlackTeam "ŠK BRDA Split"]

1. d4 Nf6 2. Nf3 d5 3. c4 e6 4. Nc3 Bb4 5. cxd5 exd5 6. Qa4+ Nc6 7. Bg5 h6 8.
Bxf6 Qxf6 9. e3 O-O 10. Be2 Rd8 11. O-O a6 12. Rfc1 Rb8 13. a3 Bf8 14. b4 Bg4
15. Qd1 Bxf3 16. Bxf3 Ne7 17. Na4 c6 18. Nc5 Nf5 19. Bg4 Qg5 20. Bxf5 Qxf5 21.
a4 Rd6 22. Qf3 Qg5 23. g3 Qd8 24. Rab1 Rf6 25. Qg4 Bxc5 26. bxc5 Rg6 27. Qd1 b5
28. cxb6 Rxb6 29. Qd2 Rb8 30. Qc3 Rf6 31. Rb4 a5 32. Rb2 Rxb2 33. Qxb2 Qd7 34.
Rc5 h5 35. h4 Qc7 36. Kg2 Qd7 37. Qe2 Qf5 38. Rxa5 Qe4+ 39. f3 Qb1 40. Rc5 Re6
41. a5 Qa1 42. Qd2 g6 43. Rc1 Qa4 44. Qc3 Qa2+ 45. Rc2 Qa4 46. Kf2 Re7 47. Qd2
Ra7 48. Ra2 Qb5 49. Qc3 Ra6 50. Ra1 Kg7 51. e4 Kg8 52. e5 Kg7 53. g4 hxg4 54.
fxg4 Qb7 55. Kg3 Qc7 56. g5 Qa7 57. Qb4 Qc7 58. Ra3 c5 59. Qxc5 Rc6 60. Qxd5
Rc1 61. Rf3 Rg1+ 62. Kh2 Ra1 63. Kg2 Rxa5 64. Rxf7+ Qxf7 65. Qxa5 Qb7+ 66. Kg3
Qb3+ 67. Kf4 Qf7+ 68. Ke3 Qb3+ 69. Ke4 Qb7+ 70. d5 Qb1+ 71. Kd4 Qb2+ 72. Qc3
Qb6+ 73. Ke4 Qa7 74. e6+ Kh7 75. Qc6 Qa2 76. Qd7+ Kh8 77. Qe8+ Kh7 78. Qf7+ Kh8
79. Qf8+ Kh7 80. Qh6+ Kg8 81. Qxg6+ Kh8 82. Qf6+ Kg8 83. e7 Qe2+ 84. Kf4 Qf2+
85. Kg4 Qe2+ 86. Qf3 Qxe7 87. g6 Kh8 88. Kh3 Qd6 89. g7+ 1-0

[Event "27. ekipno prvenstvo RH - I.B"]
[Site "Biograd, Hotel Adria"]
[Date "2018.09.21"]
[Round "7.34"]
[White "Muha, Miljenko"]
[Black "Sinanovic, Muhamed"]
[Result "1/2-1/2"]
[WhiteElo "2364"]
[BlackElo "2339"]
[PlyCount "115"]
[EventDate "2018.09.15"]
[WhiteTeam "ŠK BRDA Split"]
[BlackTeam "ŠK GORAN Bibinje"]

1. d4 e6 2. Nf3 Nf6 3. c4 Bb4+ 4. Nbd2 O-O 5. g3 d5 6. Bg2 Nbd7 7. O-O c6 8.
Qc2 b6 9. e4 dxe4 10. Nxe4 Bb7 11. Rd1 Be7 12. Bf4 Nxe4 13. Qxe4 Qc8 14. Qc2
Rd8 15. Rab1 Nf6 16. c5 bxc5 17. dxc5 a5 18. Rxd8+ Qxd8 19. Rd1 Nd5 20. Ne5 a4
21. Be4 g6 22. Bh6 f5 23. Bxd5 exd5 24. Nc4 Bxc5 25. Qc3 d4 26. Qc2 Qe7 27. Bf4
Qe4 28. Qxe4 fxe4 29. Bd6 Ba7 30. Na5 Ba6 31. Nxc6 Be2 32. Rd2 d3 33. Nxa7 Rxa7
34. h3 g5 35. g4 Kf7 36. Kh2 Ra6 37. Bc5 Ra5 38. Bd4 Rb5 39. h4 h6 40. hxg5
hxg5 41. Kg3 Bf3 42. Be3 Kg6 43. b3 axb3 44. axb3 Rxb3 45. Ra2 Rb1 46. Ra6+ Kf7
47. Bxg5 Rg1+ 48. Kh3 Bxg4+ 49. Kh2 Rd1 50. Kg3 Bf3 51. Be3 Ke7 52. Kf4 Kd7 53.
Rb6 Kc7 54. Ra6 Rb1 55. Bd2 Rh1 56. Ke3 Rh3 57. Kd4 Kb7 58. Rh6 1/2-1/2

[Event "27. ekipno prvenstvo RH - I.B"]
[Site "Biograd, Hotel Adria"]
[Date "2018.09.21"]
[Round "7.35"]
[White "Biliskov, Vjekoslav"]
[Black "Curic, Drazen"]
[Result "1/2-1/2"]
[WhiteElo "2292"]
[BlackElo "2133"]
[PlyCount "28"]
[EventDate "2018.09.15"]
[WhiteTeam "ŠK GORAN Bibinje"]
[BlackTeam "ŠK BRDA Split"]

1. d4 Nf6 2. c4 c5 3. d5 Ne4 4. Nd2 Qa5 5. Ngf3 g6 6. b4 Qxb4 7. Rb1 Nxd2 8.
Rxb4 Nxf3+ 9. exf3 cxb4 10. Bb2 Rg8 11. Bd3 Na6 12. O-O Nc5 13. Re1 d6 14. Bc2
Bd7 1/2-1/2

[Event "27. ekipno prvenstvo RH - I.B"]
[Site "Biograd, Hotel Adria"]
[Date "2018.09.21"]
[Round "7.36"]
[White "Susak, Zeljko"]
[Black "Zelic, Mladen"]
[Result "1/2-1/2"]
[WhiteElo "2200"]
[BlackElo "2266"]
[PlyCount "54"]
[EventDate "2018.09.15"]
[WhiteTeam "ŠK BRDA Split"]
[BlackTeam "ŠK GORAN Bibinje"]

1. e4 e5 2. Bc4 Nf6 3. d3 Nc6 4. Nf3 Be7 5. O-O O-O 6. Re1 d6 7. a4 Be6 8. Nbd2
Qd7 9. c3 Rfe8 10. a5 a6 11. Nf1 d5 12. exd5 Bxd5 13. Ne3 Bxc4 14. Nxc4 e4 15.
dxe4 Qxd1 16. Rxd1 Nxe4 17. Be3 Rad8 18. Nd4 Nxd4 19. Bxd4 Bc5 20. Be3 Bxe3 21.
Nxe3 Nd2 22. Re1 g6 23. h3 Rd6 24. b4 Red8 25. Rac1 Rd3 26. Rc2 Ne4 27. Nd5
R8xd5 1/2-1/2

[Event "27. ekipno prvenstvo RH - I.B"]
[Site "Biograd, Hotel Adria"]
[Date "2018.09.21"]
[Round "7.41"]
[White "Kosic, Dragan"]
[Black "Livaic, Leon"]
[Result "1-0"]
[WhiteElo "2465"]
[BlackElo "2483"]
[PlyCount "91"]
[EventDate "2018.09.15"]
[WhiteTeam "AŠK JUNIOR Rijeka"]
[BlackTeam "HAŠK MLADOST Zagreb"]

1. d4 Nf6 2. Nf3 b6 3. c4 e6 4. e3 Bb7 5. Bd3 Bb4+ 6. Nbd2 O-O 7. O-O Bxd2 8.
Nxd2 c5 9. dxc5 bxc5 10. b3 d6 11. Bb2 Nbd7 12. Qc2 Qe7 13. Rad1 Rfd8 14. h3 e5
15. Ne4 Nxe4 16. Bxe4 Bxe4 17. Qxe4 Nf6 18. Qc6 Rac8 19. Qa6 Ne4 20. Rd3 h5 21.
f3 Ng3 22. Rf2 h4 23. Rd5 Qg5 24. Bc1 Qg6 25. Qa5 Rd7 26. Qd2 Rcd8 27. e4 f6
28. Qd3 f5 29. exf5 Qxf5 30. Qxf5 Nxf5 31. Bg5 Rf8 32. Re2 Rdf7 33. Re4 a5 34.
Bxh4 a4 35. Bf2 axb3 36. axb3 Rb7 37. f4 Rxb3 38. fxe5 Rb1+ 39. Kh2 Rb2 40. Bg1
dxe5 41. Rdxe5 g6 42. Rxc5 Rd8 43. Rg4 Kf7 44. Rc7+ Kf6 45. Rc6+ Ke5 46. Rgxg6
1-0

[Event "27. ekipno prvenstvo RH - I.B"]
[Site "Biograd, Hotel Adria"]
[Date "2018.09.21"]
[Round "7.42"]
[White "Plat, Vojtech"]
[Black "Antunac, Goran"]
[Result "1-0"]
[WhiteElo "2540"]
[BlackElo "2359"]
[PlyCount "75"]
[EventDate "2018.09.15"]
[WhiteTeam "HAŠK MLADOST Zagreb"]
[BlackTeam "AŠK JUNIOR Rijeka"]

1. d4 g6 2. e4 Bg7 3. Nc3 d6 4. Be3 c6 5. Qd2 b5 6. Bd3 a5 7. a3 Nd7 8. d5 Bb7
9. dxc6 Bxc6 10. Nxb5 Bxb2 11. Rb1 Bg7 12. Nd4 Ba4 13. Nge2 Nc5 14. O-O Nf6 15.
Ng3 Ng4 16. f4 O-O 17. Kh1 Nxe3 18. Qxe3 Rb8 19. Rbd1 Qb6 20. Bc4 Nd7 21. f5
Qc5 22. Bd5 Kh8 23. Nge2 Nb6 24. Ba2 Bb5 25. Rf3 Bxe2 26. Nxe2 Qxc2 27. Bb3 Qc5
28. Qd3 Qxa3 29. Rh3 a4 30. Rxh7+ Kxh7 31. fxg6+ fxg6 32. Qh3+ Bh6 33. Bg8+
Kxg8 34. Qxa3 Kh7 35. Qh3 Kg7 36. Nd4 Rf2 37. Ne6+ Kh7 38. g4 1-0

[Event "27. ekipno prvenstvo RH - I.B"]
[Site "Biograd, Hotel Adria"]
[Date "2018.09.21"]
[Round "7.43"]
[White "Mufic, Goran"]
[Black "Zilka, Stepan"]
[Result "0-1"]
[WhiteElo "2254"]
[BlackElo "2521"]
[PlyCount "138"]
[EventDate "2018.09.15"]
[WhiteTeam "AŠK JUNIOR Rijeka"]
[BlackTeam "HAŠK MLADOST Zagreb"]

1. d4 Nf6 2. Nf3 e6 3. e3 c5 4. Bd3 d5 5. Nbd2 Nc6 6. O-O a6 7. b3 cxd4 8. exd4
Qa5 9. Bb2 Ba3 10. Qc1 Bxb2 11. Qxb2 O-O 12. a3 Qb6 13. Rfe1 Rd8 14. Rad1 Bd7
15. Nf1 Rac8 16. Ne3 Be8 17. Ne5 Nxd4 18. Bxh7+ Kxh7 19. Rxd4 Kg8 20. c4 dxc4
21. Rxd8 Rxd8 22. N5xc4 Qc7 23. Qe5 Qxe5 24. Nxe5 Kf8 25. Rc1 Ne4 26. f3 Nd2
27. Rc7 b5 28. b4 f6 29. Nc6 Rd3 30. Nc2 e5 31. Na5 Bg6 32. Kf2 Nxf3 33. gxf3
Rd2+ 34. Ke3 Rxc2 35. Rxc2 Bxc2 36. f4 exf4+ 37. Kxf4 g5+ 38. Kg4 Be4 39. Nb3
Bb7 40. h4 Bc8+ 41. Kg3 gxh4+ 42. Kxh4 Ke7 43. Kg3 Kd6 44. Kf4 Kd5 45. Nd2 f5
46. Ke3 Be6 47. Kf4 Kd4 48. Nf3+ Kc3 49. Ke5 Bc8 50. Kd6 Bb7 51. Ng5 Kb3 52.
Ne6 Kxa3 53. Kc5 Bc8 54. Nf4 Kb3 55. Nd5 Be6 56. Nc7 Bc4 57. Kd4 Kxb4 58. Nxa6+
Ka5 59. Nc5 Kb6 60. Nd7+ Kc7 61. Ne5 Kd6 62. Ng6 Ke6 63. Ne5 Kf6 64. Nf3 Be2
65. Ne1 b4 66. Ng2 b3 67. Ne3 b2 68. Nd5+ Kg5 69. Nc3 Bf3 0-1